Power Amplifier Modeling Using various Neural Networks ( Thesis ME) (Record no. 69099)

MARC details
000 -LEADER
fixed length control field 00405nam a22001217a 4500
100 ## - MAIN ENTRY--AUTHOR NAME
Personal name Waqar Ahmed Khoso
-- 19-MIAC-05
-- Supervisor - Prof.Dr. M. Mujtaba Shaikh
245 ## - TITLE STATEMENT
Title Power Amplifier Modeling Using various Neural Networks ( Thesis ME)
260 ## - PUBLICATION, DISTRIBUTION, ETC. (IMPRINT)
Place of publication Nawabshah
Name of publisher QUEST
Year of publication 2024
300 ## - PHYSICAL DESCRIPTION
Number of Pages 81p.
700 ## - ADDED ENTRY--PERSONAL NAME
Personal name Department of Electronic Engineering
942 ## - ADDED ENTRY ELEMENTS (KOHA)
Koha item type Thesis and Dissertation
Holdings
Withdrawn status Lost status Home library Current library Date acquired Accession Number Koha item type
    Research Section Research Section 29/06/2026 MP/104-1553 Thesis and Dissertation
    Research Section Research Section 29/06/2026 MP/104-1554 Thesis and Dissertation